00373 a2200157 4500001000700000020001800007040003200025100002800057245004100085250001000126260001600136300001600152362000900168490002400177650001400201126170 a9788596004879 cEscola Canadense de Niteroi aSilas Martins Junqueira10aFaça! Geografia: 3º ano - Parte 2 a1 ed. aSão Paulo a144 p.bil.0 a20160 aColeção Faça! 4aGeografia